| 000 | 00438nam a2200133Ia 4500 | ||
|---|---|---|---|
| 008 | 250506s9999 xx 000 0 und d | ||
| 024 | _a15B-016-SE, 15B-006-SE & 15B-012-SE | ||
| 082 | _a004.3229 ARH | ||
| 100 | _aArham Khan, Eesha Shahid & Syeda Maimoona Jabeen | ||
| 245 | 0 | _aSentiment Analysis on Resturant Reviews | |
| 260 |
_aKarachi: _bUIT, _c2015 |
||
| 600 | _aSoftware Engineering | ||
| 650 | _aBachelor of Computer Science (BS) | ||
| 999 |
_c28228 _d28228 |
||